000 00847nam a2200217Ia 4500
999 _c40169
_d40169
001 6775
003 GE_BSU
005 20191227161017.0
008 181216s1969||||ge |||||||||||||| ||ge ||
040 _cGE_BSU
041 _ageo
080 _a821.353.1-1 გ-48
100 _aგიგაური, გიორგი.
_95991
245 _aსიცოცხლე გრძელდება :
_bლექსები /
_cგიორგი გიგაური ; რედ. თ. ბექირიშვილი.
264 _aთბილისი :
_bნაკადული,
_c1969.
300 _a47 გვ. ;
_c17 სმ.
653 _aლექსები
653 _aსიცოცხლე გრძელდება
700 _aბექირიშვილი, მ.
_eრედაქტორი
_95992
942 _cBK
_2udc